000 01796nam2a22002651 4500
001 RU\NLR\INFOCOMM19\1000082532
005 20250617114952.0
035 _a(NLR Aleph) 002582915
090 _a3291905
_c3291905
100 _a20040607d1977 |||y0rusy50 ca
101 0 _arus
102 _aRU
105 _ay |||||||||
200 1 _aИспользование в инженерном оборудовании больших городов пластмассовых труб для транспортирования горячей воды и воздуха
_fЯ.Б. Алескер, Ш.Л. Гольцман
210 _d1977
_aБ. м.
461 0 _1001RU\NLR\INFOCOMM19\1000082245
_12001#$aОбзоры по проблемам больших городов$fОбъединение по руководству науч.-техн. информацией и пропагандой в РСФСР при Гос. ком. Совета Министров СССР по науке и технике. Гос. науч.-исслед. ин-т науч. и техн. информации (ГосИНТИ)$v1977, №16
_93998384
_cМ.
_d1971-
_fОбъединение по руководству науч.-техн. информацией и пропагандой в РСФСР при Гос. ком. Совета Министров СССР по науке и технике. Гос. науч.-исслед. ин-т науч. и техн. информации (ГосИНТИ)
_tОбзоры по проблемам больших городов
_v1977, №16
700 1 _aАлескер
_bЯ.Б.
_4070
701 1 _aГольцман
_bШ.Л.
_4070
801 1 _aRU
_bInfoComm
_c20040607
801 0 _aRU
_bNLR
_gPSBO
852 _aNLR
_jП31/290
942 _cISSUE
980 _aNB
980 _aRUSPER